000 00971nas a2200325 4500
001 BR9804962
003 BR-BrBNA
005 20231205101128.0
007 ta
008 230509b bl.|||p| |||| 00| 00por d
040 _aBR-BrBNA
_bpor
_cBiblioteca Nacional de Agricultura
041 _a(Pt)
072 _aL74
100 1 _aLopes, R.
100 1 _aSilva, C.F. da
100 1 _aLopes, S.T. dos A.
100 1 _aGuimaraes, L.D'A.
100 1 _aSanturio, J.M.
100 1 _aMallmann, C.A.
100 1 _aOLiveira, J.F.C. de
245 1 _aAvaliacao do hemograma, reticulocitos e mielograma na intoxicacao subaguda experimental por aflatoxina em caes
650 _aCao
650 _aAflatoxina
650 _aIntoxicacao
650 _aAnalise de Laboratorio
650 _aHemograma
773 0 _tCiencia Rural (Brazil)
_xISSN 0103-8478
_g(Apr-Jun 1998), v. 28(2) p. 257-262
_wBR9804962
909 _a202311
_bLúcia
_c55
_dLúcia Elande
942 _2AGRIS
_n0
_cANA
999 _c159910
_d159910